El estilo indirecto libre y las maneras de narrar /
Guardado en:
| Autor Principal: | |
|---|---|
| Formato: | Libro |
| Publicado: |
Buenos Aires :
Kapelusz,
1986
|
| Materias: | |
| Etiquetas: |
Agregar Etiqueta
Sin Etiquetas, Sea el primero en etiquetar este registro!
|
| LEADER | 00548nam a22001815a 4500 | ||
|---|---|---|---|
| 001 | EHU.bham044381 | ||
| 003 | AR-BHAM | ||
| 005 | 20161109135253.0 | ||
| 008 | 130507s1986##################000#0#####d | ||
| 020 | |a 9501362531 | ||
| 082 | 8 | 0 | |a 808.3 |
| 100 | 1 | |a Tacca, Oscar | |
| 245 | 1 | 0 | |a El estilo indirecto libre y las maneras de narrar / |c Oscar Tacca |
| 260 | |a Buenos Aires : |b Kapelusz, |c 1986 | ||
| 300 | |a 88 p. | ||
| 653 | |a Literatura y lingüística | ||
| 653 | |a Narración y discurso | ||
| 859 | |a AR-BHAM |b BIB. HUMANIDADES - General |h 808.3 |i T116-1 |p 665.16 |t Ej.1 | ||
